Counseling and psychotherapy theories in context and practice : (Record no. 1330)
[ view plain ]
| 000 -LEADER | |
|---|---|
| fixed length control field | 02917cam a2200409 a 4500 |
| 005 - DATE AND TIME OF LATEST TRANSACTION | |
| control field | 20260322212056.0 |
| 008 - FIXED-LENGTH DATA ELEMENTS--GENERAL INFORMATION | |
| fixed length control field | data |
| 010 ## - LIBRARY OF CONGRESS CONTROL NUMBER | |
| LC control number | 2011038810 |
| 016 7# - NATIONAL BIBLIOGRAPHIC AGENCY CONTROL NUMBER | |
| Record control number | 015986113 |
| Source | Uk |
| 020 ## - INTERNATIONAL STANDARD BOOK NUMBER | |
| International Standard Book Number | 9780470617939 (hardback : acidfree paper) |
| 020 ## - INTERNATIONAL STANDARD BOOK NUMBER | |
| International Standard Book Number | 0470617934 (hardback : acid-free paper) |
| 040 ## - CATALOGING SOURCE | |
| Original cataloging agency | DLC |
| Language of cataloging | eng |
| Transcribing agency | DLC |
| Modifying agency | BWX |
| -- | UKMGB |
| -- | BDX |
| -- | YDXCP |
| -- | CDX |
| -- | BWX |
| 041 09 - LANGUAGE CODE | |
| Language code of text/sound track or separate title | eng |
| 042 ## - AUTHENTICATION CODE | |
| Authentication code | nlmcopyc |
| -- | nlmcopyc |
| 044 ## - COUNTRY OF PUBLISHING/PRODUCING ENTITY CODE | |
| -- | United States |
| 050 00 - LIBRARY OF CONGRESS CALL NUMBER | |
| Classification number | BF637.C6 |
| Item number | S69 2012 |
| 060 10 - NATIONAL LIBRARY OF MEDICINE CALL NUMBER | |
| Classification number | WM 420 |
| 082 00 - DEWEY DECIMAL CLASSIFICATION NUMBER | |
| Classification number | 158.3 |
| Edition information | 23 |
| 084 ## - OTHER CLASSIFICATION NUMBER | |
| Classification number | PSY010000 |
| Number source | bisacsh |
| 096 ## - LOCALLY ASSIGNED NLM-TYPE CALL NUMBER (OCLC) | |
| Classification number | WM 420 S697c 2012 |
| 001 - CONTROL NUMBER | |
| control field | data |
| 100 1# - MAIN ENTRY--PERSONAL NAME | |
| Personal name | Sommers-Flanagan, John, |
| Dates associated with a name | 1957- |
| 245 10 - TITLE STATEMENT | |
| Title | Counseling and psychotherapy theories in context and practice : |
| Remainder of title | skills, strategies, and techniques / |
| Statement of responsibility, etc. | John Sommers-Flanagan & Rita Sommers-Flanagan. |
| 250 ## - EDITION STATEMENT | |
| Edition statement | 2nd ed. |
| 260 ## - PUBLICATION, DISTRIBUTION, ETC. | |
| Place of publication, distribution, etc. | Hoboken, N.J. : |
| Name of publisher, distributor, etc. | Wiley, |
| Date of publication, distribution, etc. | c2012. |
| 300 ## - PHYSICAL DESCRIPTION | |
| Extent | xvi, 571 p. : |
| Other physical details | ill., port. ; |
| Dimensions | 25 cm. |
| 336 ## - CONTENT TYPE | |
| Content type term | text |
| Content type code | txt |
| Source | rdacontent |
| 337 ## - MEDIA TYPE | |
| Media type term | unmediated |
| Media type code | n |
| Source | rdamedia |
| 338 ## - CARRIER TYPE | |
| Carrier type term | volume |
| Carrier type code | nc |
| Source | rdacarrier |
| 500 ## - GENERAL NOTE | |
| General note | Machine generated contents note: PrefaceAbout The AuthorsChapter 1: Psychotherapy And Counseling Essentials: An IntroductionChapter 2: Psychoanalytic ApproachesChapter 3: Individual Psychology And Adlerian Therapy Chapter 4: Existential Theory And TherapyChapter 5: Person-Centered ApproachesChapter 6: Gestalt Theory And TherapyChapter 7: Behavioral Theory And TherapyChapter 8: Cognitive-Behavioral Theory And TherapyChapter 9: Choice Theory And Reality Therapy Chapter 10: Feminist Theory And TherapyChapter 11: Constructive Theory And TherapyChapter 12: Family Systems Theory And TherapyChapter 13: Developing Your Multicultural Orientation And SkillsChapter 14: Integrative And Evidence-Based New Wave Therapies ReferencesName IndexSubject Index. |
| 504 ## - BIBLIOGRAPHY, ETC. NOTE | |
| Bibliography, etc. note | Includes bibliographical references and index. |
| 520 ## - SUMMARY, ETC. | |
| Summary, etc. | "Student-friendly and comprehensive, Counseling and Psychotherapy Theories in Context and Practice, Second Edition provides an in-depth understanding of the origins, development, and key figures of each major theory and strongly emphasizes the application of these theories in real-world practice. Pedagogical features include opening chapter outlines, "Putting It In Practice" boxes, practitioner reflections, ethical highlights, case examples, as well as chapter summaries, chapter glossaries, and recommended readings and resources. The Second Edition includes a new section on treatment planning in each chapter and increased coverage of multicultural issues. A Study Guide for students is also available (978-0-470-90437-4)"-- |
| Assigning source | Provided by publisher. |
| 650 12 - SUBJECT ADDED ENTRY--TOPICAL TERM | |
| Topical term or geographic name entry element | Psychotherapy |
| General subdivision | methods |
| Authority record control number or standard number | https://id.nlm.nih.gov/mesh/D011613Q000379 |
| 650 22 - SUBJECT ADDED ENTRY--TOPICAL TERM | |
| Topical term or geographic name entry element | Counseling |
| Authority record control number or standard number | https://id.nlm.nih.gov/mesh/D003376 |
| 650 22 - SUBJECT ADDED ENTRY--TOPICAL TERM | |
| Topical term or geographic name entry element | Psychological Theory |
| Authority record control number or standard number | https://id.nlm.nih.gov/mesh/D011582 |
| 700 1# - ADDED ENTRY--PERSONAL NAME | |
| Personal name | Sommers-Flanagan, Rita, |
| Dates associated with a name | 1953- |
| Withdrawn status | Lost status | Damaged status | Not for loan | Home library | Current library | Shelving location | Date acquired | Total checkouts | Full call number | Barcode | Date last seen | Price effective from | Koha item type |
|---|---|---|---|---|---|---|---|---|---|---|---|---|---|
| Centerville | Centerville | General stacks | 22/03/2026 | 158.3 23 | BC0011373 | 22/03/2026 | 22/03/2026 | Books |